000 01411cam a2200313 4500
005 20260322212036.0
008 data
010 _a72-171669
020 _a0390370274
020 _a9780390370273
040 _aDNLM
_cDNLM
041 0 9 _aeng
060 0 0 _aWY 160
_bC748c 1970
096 _aWA 495 C76 1972
245 0 0 _aCommunity mental health nursing :
_bthe practitioner's point of view.
_cedited by Conference on Community Mental Health Nursing ... [et al.].
260 _aNew York,
_bAppleton-Century-Crofts
_c[c1972]
300 _axx, 268 p.
_billus.
500 _aConference sponsored by the ANA Psychiatric-Mental Health Division on Nursing Practice, and supported by USPHS training grant no. 1 T14 MH12119-01 from the National Institute of Mental Health.
590 _aConference sponsored by the ANA Psychiatric-Mental Health Division on Nursing Practice, and supported by USPHS training grant no. 1 T14 MH12119-01 from the National Institute of Mental Health.
650 2 _aCommunity Mental Health Services
650 2 _aPsychiatric Nursing
650 2 _aPublic Health Nursing
655 2 _aCongresses
700 1 _aGoldman, Elaine.
710 2 _aAmerican Nurses' Association.
_bDivision on Psychiatric and Mental Health Nursing Practice.
710 2 _aNational Institute of Mental Health (U.S.)
711 2 _aConference on Community Mental Health Nursing
_d(1970 :
_cNew York)
001 data
999 _c848
_d848